Т. 3 : Архитектура. Вып. 13 : Петербургская архитектура в XVIII и XIX веке; История русского искусства

Бібліографічні деталі
Parent link:История русского искусства: [в 6 т.]/ И. Э. Грабарь. Т. 3 : Архитектура. Вып. 13 : Петербургская архитектура в XVIII и XIX веке.— , [1909-1916]
Мова:Російська
Опубліковано: [1912]
Предмети:
Формат: Книга
KOHA link:https://koha.lib.tpu.ru/cgi-bin/koha/opac-detail.pl?biblionumber=345172

MARC

LEADER 00000nam2a2200000 4500
001 345172
005 20231102005737.0
035 |a (RuTPU)RU\TPU\book\377005 
035 |a RU\TPU\retro\13569 
090 |a 345172 
100 |a 20200918d1912 m y0rusy50 ca 
101 0 |a rus 
102 |a RU 
105 |a a z 000zd 
200 0 |a Т. 3 : Архитектура. Вып. 13 : Петербургская архитектура в XVIII и XIX веке 
210 |d [1912] 
215 |a 585 с.  |c ил. 
461 1 |0 (RuTPU)RU\TPU\book\308014  |t История русского искусства  |o [в 6 т.]  |f И. Э. Грабарь  |v Т. 3 : Архитектура. Вып. 13 : Петербургская архитектура в XVIII и XIX веке  |d [1909-1916] 
600 1 |a Трезини  |b Д.  |c российский архитектор итальянского происхождения  |f 1670-1734  |g Доменико  |2 stltpush  |3 (RuTPU)RU\TPU\pers\22605  |9 9664 
600 1 |a Растрелли  |b В. В.  |c российский архитектор  |c сын К.-Б. Растрелли  |f 1700-1771  |g Варфоломей Варфоломеевич  |c настоящее имя Франческо-Бартоломео  |2 stltpush  |3 (RuTPU)RU\TPU\pers\11949 
600 1 |a Кокоринов  |b А. Ф.  |c российский архитектор  |c первый директор Петербургской Академии художеств  |f 1726-1772  |g Александр Филиппович  |2 stltpush  |3 (RuTPU)RU\TPU\pers\16916  |9 6118 
600 1 |a Фельтен  |b Ю. М.  |c российский архитектор  |c адьюнкт-ректор императорской Академии художеств  |c профессор  |f 1730-1801  |g Юрий Матвеевич  |2 stltpush  |3 (RuTPU)RU\TPU\pers\16918  |9 6120 
600 1 |a Баженов  |g Василий Иванович  |c русский архитектор  |f 1737-1799  |b В. И.  |2 stltpush  |3 (RuTPU)RU\TPU\pers\964 
600 1 |a Старов  |b И. Е.  |c российский архитектор  |f 1745-1808  |g Иван Егорович  |2 stltpush  |3 (RuTPU)RU\TPU\pers\11953  |9 3061 
600 1 |a Камерон  |b Ч.  |c российский архитектор шотландского происхождения  |f 1743-1812  |g Чарльз  |2 stltpush  |3 (RuTPU)RU\TPU\pers\11957  |9 3065 
600 1 |a Кваренги (Гваренги)  |b Д.  |c российский архитектор  |c итальянец по происхождению  |f 1744-1817  |g Джакомо  |2 stltpush  |3 (RuTPU)RU\TPU\pers\11955  |9 3063 
600 1 |a Бренна  |b В. (В. М.)  |c итальянский архитектор  |f 1747-1818  |g Винченцо (Викентий Михайлович)  |2 stltpush  |3 (RuTPU)RU\TPU\pers\20312  |9 8104 
600 1 |a Воронихин  |b А. Н.  |c российский архитектор  |c представитель ампира  |f 1759-1814  |g Андрей Никифорович  |2 stltpush  |3 (RuTPU)RU\TPU\pers\11959  |9 3067 
600 1 |a Тома де Томон  |b Ж.  |c российский архитектор французского происхождения  |f 1760-1813  |g Жан  |2 stltpush  |3 (RuTPU)RU\TPU\pers\11960  |9 3068 
600 1 |a Захаров  |b А. Д.  |c российский архитектор  |f 1761-1811  |g Андреян Дмитриевич  |2 stltpush  |3 (RuTPU)RU\TPU\pers\11961  |9 3069 
600 1 |a Росси  |b К. И.  |c российский архитектор  |f 1777-1849  |g Карл Иванович  |2 stltpush  |3 (RuTPU)RU\TPU\pers\11962  |9 3070 
600 1 |a Брюллов  |b А. П.  |c российский архитектор  |f 1798-1877  |g Александр Павлович  |2 stltpush  |3 (RuTPU)RU\TPU\pers\14271  |9 4700 
600 1 |a Монферран  |b А. А.  |c российский архитектор французского происхождения  |c настоящее имя Огюст Рикар де Монферран  |f 1786-1858  |g Август Августович  |2 stltpush  |3 (RuTPU)RU\TPU\pers\22604  |9 9663 
606 1 |a Искусство  |x История  |2 stltpush  |3 (RuTPU)RU\TPU\subj\13188  |9 39839 
610 1 |a Петровская эпоха 
610 1 |a барокко 
610 1 |a Петербург 
610 1 |a застройка 
610 1 |a классицизм 
610 1 |a 18 век 
610 1 |a 19 век 
675 |a 7.03  |v 4 
801 1 |a RU  |b 63413507  |c 20200717 
801 2 |a RU  |b 63413507  |c 20200918  |g RCR 
942 |c BK